'B' Cartoon Characters by Picture Quiz Stats

 Plays Quiz Updated Jul 22, 2015

Score 0/20 Timer 06:00
3 Plays Today
Column Character % Correct
Column 5Batman
98.7%
Column 2Bugs Bunny
98.3%
Column 5Bambi
97.9%
Column 4Bart Simpson
96.8%
Column 3Buzz Lightyear
96.6%
Column 2Bob the Builder
95.5%
Column 3Betty Boop
91.3%
Column 3Belle
90.6%
Column 1Blue
89.3%
Column 5Barney Rubble
81.7%
Column Character % Correct
Column 1Baloo
80.9%
Column 4Brain
75.4%
Column 3Bullwinkle
69.6%
Column 4Boo-Boo
62.6%
Column 2Boots the Monkey
58%
Column 1Bullseye
57.8%
Column 2Ben Tennyson
57.1%
Column 5Buttercup
55.6%
Column 4Brock
44.2%
Column 1Billy
37.5%

You're not logged in!

Compare scores with friends on all Sporcle quizzes.
OR
Log In

You Might Also Like...

Show Comments

Extras

Top Quizzes Today


Score Distribution

Your Account Isn't Verified!

In order to create a playlist on Sporcle, you need to verify the email address you used during registration. Go to your Sporcle Settings to finish the process.

Report this User

Report this user for behavior that violates our Community Guidelines.

Details: